000 01352cam a22003254a 4500
999 _c6590
_d6590
001 12978940
003 OSt
005 20200205115648.0
008 021023s2003 caua b 001 0 eng
010 _a 2002152696
020 _a076192552X (alk. paper)
020 _a0761925538 (pbk. : alk. paper)
040 _aDLC
_cDLC
_dDLC
042 _apcc
082 0 0 _a300
_221
_bYIN 2003
100 1 _aYin, Robert K.
_913563
245 1 0 _aCase study research :
_bdesign and methods /
_cRobert K. Yin.
250 _a3rd ed.
260 _aThousand Oaks, Calif. :
_bSage Publications,
_c2003.
300 _axvi, 181 p. :
_bill. ;
_c22 cm.
440 0 _aApplied social research methods series ;
_vv. 5
_913564
504 _aIncludes bibliographical references (p. 167-174) and index.
650 0 _aSocial sciences
_xResearch
_xMethodology.
_91100
856 4 2 _3Publisher description
_uhttp://www.loc.gov/catdir/enhancements/fy0658/2002152696-d.html
856 4 1 _3Table of contents only
_uhttp://www.loc.gov/catdir/enhancements/fy0658/2002152696-t.html
856 4 2 _3Contributor biographical information
_uhttp://www.loc.gov/catdir/enhancements/fy0739/2002152696-b.html
906 _a7
_bcbc
_corignew
_d1
_eecip
_f20
_gy-gencatlg
942 _2ddc
_cO_SHELF